[Event "Graz op-B"]
[Site "Graz"]
[Date "2006.09.21"]
[Round "6.10"]
[White "Pucher, Michael"]
[Black "Lukas, Wolfgang"]
[Result "1-0"]
[WhiteElo "1895"]
[BlackElo "1983"]
[PlyCount "115"]
[EventDate "2006.09.16"]

1. f4 Nf6 2. Nf3 d5 3. e3 c5 4. b3 g6 5. Bb2 Bg7 6. Bb5+ Bd7 7. Qe2 a6 8. Bxd7+
Nbxd7 9. O-O b5 10. a4 b4 11. d3 O-O 12. Nbd2 Qc7 13. Rae1 Ng4 14. Bxg7 Kxg7
15. h3 Nh6 16. Ng5 Nf5 17. Qf2 e5 18. g4 Ne7 19. Qh4 Nf6 20. fxe5 Qxe5 21. Rxf6
h6 22. Rxf7+ Rxf7 23. Nxf7 Kxf7 24. Nf3 Qd6 25. Kg2 Rh8 26. Rf1 Kg7 27. Nd2 g5
28. Qg3 Qe6 29. e4 Ng6 30. Qc7+ Kg8 31. Qxc5 Nf4+ 32. Kh2 h5 33. exd5 Qe2+ 34.
Rf2 Qd1 35. Qc8+ Kg7 36. Qd7+ Kg6 37. Qf5+ Kh6 38. Qf6+ Ng6 39. Ne4 hxg4 40.
Qxg5+ Kg7 41. Qf6+ Kh6 42. Qe6 Kg7 43. Rf7+ Kh6 44. Qxg4 Qxc2+ 45. Qg2 Qc1 46.
Rf6 Rg8 47. Qd2+ Qxd2+ 48. Nxd2 Kg7 49. Rxa6 Nf4 50. d6 Kf7 51. Ne4 Nxd3 52.
Ra7+ Ke6 53. Re7+ Kf5 54. d7 Ne5 55. Nd2 Rd8 56. a5 Nxd7 57. Nc4 Nc5 58. Re5+
1-0

[Event "Graz op-B"]
[Site "Graz"]
[Date "2006.09.22"]
[Round "7.1"]
[White "Dimitrijevic, Dragan"]
[Black "Bilalli, Arsim"]
[Result "1-0"]
[WhiteElo "1962"]
[BlackElo "1897"]
[PlyCount "197"]
[EventDate "2006.09.16"]

1. Nf3 g6 2. c4 Bg7 3. Nc3 d6 4. d4 Bg4 5. e3 Nf6 6. Be2 O-O 7. O-O c6 8. b3
Na6 9. Bb2 Rc8 10. h3 Bxf3 11. Bxf3 Re8 12. e4 e5 13. d5 cxd5 14. Nxd5 Nc7 15.
Nxc7 Qxc7 16. Qd2 Qc6 17. Rfe1 h5 18. Rad1 Rcd8 19. Ba3 Bf8 20. Qd3 Qa6 21. b4
b6 22. Be2 Qb7 23. Bf1 Kh7 24. Bc1 a5 25. Bg5 Be7 26. a3 axb4 27. axb4 Kg7 28.
f3 d5 29. Bxf6+ Kxf6 30. exd5 Bxb4 31. Re4 Bc5+ 32. Kh1 Kg7 33. f4 exf4 34.
Qc3+ Kg8 35. Rxf4 Bd6 36. Rf3 Qd7 37. Qb2 Bc7 38. Qf6 Qe7 39. Qxe7 Rxe7 40. g3
Bd6 41. Kg2 Kg7 42. Rb3 Bc5 43. Kf3 Rd6 44. Rd2 Re1 45. Be2 g5 46. Kg2 Kg6 47.
Rf3 g4 48. Bd3+ Kg7 49. Rf5 Rg6 50. Rxh5 gxh3+ 51. Rxh3 Rg1+ 52. Kh2 Rf6 53.
Re2 Rd1 54. Bc2 Rd4 55. Bb3 Rd3 56. Ba4 Ra3 57. Bc2 Rc3 58. Rh7+ Kf8 59. Rh4
Rf2+ 60. Rxf2 Bxf2 61. Rh8+ Kg7 62. Rh7+ Kg8 63. Bf5 Bxg3+ 64. Kg2 Bf4 65. Rh4
Be5 66. Rg4+ Kf8 67. Kf2 Ke7 68. Ke2 Kd6 69. Kd2 Rf3 70. Bd3 Kc5 71. Be2 Ra3
72. Bd3 f6 73. Ke3 Ra2 74. Rg8 Ra7 75. Ke4 Rc7 76. Re8 Rg7 77. Rc8+ Rc7 78. Rg8
Ra7 79. Kf5 Ra3 80. Rc8+ Kd4 81. Be2 Re3 82. Bh5 Rc3 83. Bf7 b5 84. d6 Bxd6 85.
Rd8 Kc5 86. cxb5 Be5 87. Rd5+ Kb6 88. Be8 Rc5 89. Rd3 Rc8 90. Bd7 Rc1 91. Ra3
Rf1+ 92. Ke6 Bc7 93. Ra6+ Kc5 94. Rc6+ Kb4 95. Rxc7 Ka5 96. Ra7+ Kb6 97. Ra6+
Kb7 98. Bc6+ Kc7 99. Be4 1-0

[Event "Graz op-B"]
[Site "Graz"]
[Date "2006.09.22"]
[Round "7.2"]
[White "Stanka, Wolfgang"]
[Black "Gsaxner, Daniel"]
[Result "1-0"]
[WhiteElo "1903"]
[BlackElo "1816"]
[PlyCount "51"]
[EventDate "2006.09.16"]

1. e4 e5 2. Nf3 Nc6 3. Bc4 Bc5 4. O-O d6 5. c3 Bg4 6. h3 Bxf3 7. Qxf3 Qf6 8.
Qd1 Nge7 9. Bb3 Qg6 10. d3 Bb6 11. Nd2 O-O-O 12. Nc4 Bc5 13. Bc2 a6 14. b4 Ba7
15. a4 d5 16. exd5 Nxd5 17. Bd2 Nf4 18. Bxf4 exf4 19. b5 Nb8 20. d4 f5 21. Qf3
Bxd4 22. cxd4 axb5 23. axb5 Rxd4 24. Na5 Qb6 25. Bxf5+ Nd7 26. Nc4 1-0

[Event "Graz op-B"]
[Site "Graz"]
[Date "2006.09.22"]
[Round "7.3"]
[White "Pojer, Hannes"]
[Black "Thalmeier, Bernd"]
[Result "1-0"]
[WhiteElo "1977"]
[BlackElo "1996"]
[PlyCount "147"]
[EventDate "2006.09.16"]

1. e4 d5 2. exd5 Nf6 3. d4 Bg4 4. Nf3 Qxd5 5. Be2 Nc6 6. c4 Qh5 7. Be3 e6 8.
Nbd2 Bd6 9. c5 Be7 10. Qb3 Rb8 11. h3 Nd7 12. O-O-O Bxf3 13. Bxf3 Qg6 14. g4
Bg5 15. Ne4 Bxe3+ 16. fxe3 Ne7 17. h4 h6 18. Nc3 c6 19. Ne4 Kd8 20. h5 Qh7 21.
Nd6 Kc7 22. Nxf7 Nd5 23. Nxh8 Qxh8 24. Bxd5 cxd5 25. Rhf1 Qe8 26. Qc3 Nf6 27.
Rf4 Qa4 28. Qb3 Qa6 29. Rd3 Qa5 30. Rc3 Qa6 31. Qc2 Qc6 32. Ra3 a6 33. Qa4 Re8
34. Qxc6+ Kxc6 35. Rb3 e5 36. Rb6+ Kc7 37. dxe5 Rxe5 38. Rfxf6 gxf6 39. Rxf6
Rxe3 40. Rxh6 d4 41. Rg6 d3 42. h6 Rh3 43. g5 a5 44. Rd6 b6 45. g6 Rxh6 46. g7
Rh1+ 47. Kd2 Rg1 48. Rxb6 Rxg7 49. Kxd3 Rg4 50. a3 a4 51. Rb4 Rg3+ 52. Kc4 Kc6
53. Rxa4 Rg4+ 54. Kb3 Rg3+ 55. Kb4 Rg4+ 56. Ka5 Rg8 57. Rc4 Rb8 58. Rc2 Rb7 59.
Ka4 Rb8 60. b4 Ra8+ 61. Kb3 Kb5 62. c6 Rc8 63. a4+ Kb6 64. a5+ Kb5 65. Rc5+ Ka6
66. Ka4 Ka7 67. b5 Kb8 68. b6 Rh8 69. Rg5 Rf8 70. Kb5 Ka8 71. Ka6 Kb8 72. c7+
Kc8 73. Rd5 Rg8 74. Rd8+ 1-0

[Event "Graz op-B"]
[Site "Graz"]
[Date "2006.09.22"]
[Round "7.4"]
[White "Molnar, Attila"]
[Black "Saxer, Bernhard"]
[Result "1-0"]
[WhiteElo "1917"]
[BlackElo "1978"]
[PlyCount "87"]
[EventDate "2006.09.16"]

1. e4 c5 2. Nc3 d6 3. g3 Nc6 4. Bg2 Nf6 5. d3 g6 6. h3 Bg7 7. Nge2 a6 8. O-O
Rb8 9. f4 Nd4 10. Be3 Nxe2+ 11. Nxe2 Nd7 12. c3 b5 13. Qd2 a5 14. d4 Nb6 15. b3
Qc7 16. dxc5 dxc5 17. Rad1 O-O 18. Qc2 Bb7 19. Rd2 Bh6 20. g4 Rfd8 21. Rfd1
Rxd2 22. Qxd2 Kf8 23. Kh1 Ke8 24. Qd3 Qc6 25. f5 Bxe3 26. Qxe3 gxf5 27. gxf5
Rd8 28. Rg1 Qd6 29. Bf3 Nd7 30. Rg8+ Nf8 31. Nf4 Kd7 32. Rg1 Kc8 33. Rd1 Qc7
34. Nd5 Bxd5 35. exd5 Nd7 36. Qxe7 Qg3 37. Bg2 Qxc3 38. Qd6 Qf6 39. Qf4 Rg8 40.
d6 Ne5 41. Qe4 Rxg2 42. Qa8+ Kd7 43. Qb7+ Ke8 44. d7+ 1-0

[Event "Graz op-B"]
[Site "Graz"]
[Date "2006.09.22"]
[Round "7.5"]
[White "Bornet, Rene"]
[Black "Gashi, Veli"]
[Result "1/2-1/2"]
[WhiteElo "1906"]
[BlackElo "1996"]
[PlyCount "149"]
[EventDate "2006.09.16"]

1. d4 d5 2. Bf4 Nc6 3. e3 g6 4. Nf3 Nf6 5. Be2 Bg7 6. h3 a6 7. c3 O-O 8. O-O b5
9. a3 Bb7 10. Nbd2 Na5 11. b4 Nc6 12. Ne5 Nd7 13. Nxc6 Bxc6 14. Nf3 f6 15. Qc2
e5 16. Bh2 Rc8 17. a4 Qe7 18. axb5 axb5 19. Ra5 Rb8 20. Rfa1 Rfe8 21. Bf1 Qf8
22. Nd2 Ra8 23. Nb3 Reb8 24. R1a3 Qe8 25. Qa2 Nb6 26. Nc5 Bf8 27. Bg3 Bd6 28.
Bd3 Kh8 29. Na6 Rc8 30. Nc5 exd4 31. exd4 Bxc5 32. bxc5 Na4 33. Rxa8 Bxa8 34.
Bxb5 Qe1+ 35. Bf1 Nxc3 36. Qa1 Ne2+ 37. Kh2 Qxa1 38. Rxa1 Nxd4 39. Ba6 Rg8 40.
Bxc7 Nb3 41. Rb1 Nxc5 42. Be2 Ne4 43. f3 Nc3 44. Rb2 Re8 45. Ba6 Kg7 46. Rb8
Rxb8 47. Bxb8 Kf7 48. Kg1 Bc6 49. Kf2 Bb5 50. Bc8 d4 51. Ba7 d3 52. Ke1 f5 53.
Bd4 Nb1 54. Be3 Kf6 55. f4 h6 56. g4 Na3 57. Bd4+ Kf7 58. Bc3 fxg4 59. hxg4 h5
60. gxh5 gxh5 61. Bf5 Bc4 62. Be4 h4 63. Bb2 Nb1 64. Bc1 Ke6 65. Be3 h3 66. Kf2
Nc3 67. Bf3 Bd5 68. Bg4+ Kf7 69. Kg3 d2 70. Kxh3 d1=Q 71. Bxd1 Nxd1 72. Bd4 Kg6
73. Kg4 Be6+ 74. Kf3 Kf5 75. Be5 1/2-1/2

[Event "Graz op-B"]
[Site "Graz"]
[Date "2006.09.22"]
[Round "7.6"]
[White "Kratschmer, Heinz"]
[Black "Meixner, Helmut"]
[Result "1-0"]
[WhiteElo "1993"]
[BlackElo "1849"]
[PlyCount "95"]
[EventDate "2006.09.16"]

1. d4 Nf6 2. Nf3 e6 3. Nbd2 d5 4. e3 Be7 5. Bd3 O-O 6. O-O Nbd7 7. Qe2 c5 8. c3
Qc7 9. e4 dxe4 10. Nxe4 Nxe4 11. Qxe4 g6 12. Re1 Nf6 13. Qh4 Nh5 14. Bg5 Bxg5
15. Qxg5 cxd4 16. cxd4 Qd8 17. Qh6 Qf6 18. Rad1 Rd8 19. Bc4 b5 20. Be2 Nf4 21.
Bf1 Bb7 22. Ng5 Qg7 23. Qh4 h6 24. Qxf4 hxg5 25. Qxg5 Rd5 26. Qe7 Bc6 27. Qc7
Be8 28. Qb7 Rad8 29. Qxa7 Rxd4 30. Rxd4 Qxd4 31. Qxd4 Rxd4 32. f3 Kf8 33. Kf2
Rd2+ 34. Re2 Rd1 35. Rc2 b4 36. Be2 Rd6 37. Ke3 Rb6 38. Rc7 Kg7 39. h4 Kf6 40.
f4 Bc6 41. g4 Bd5 42. g5+ Kg7 43. h5 gxh5 44. Bxh5 Bxa2 45. Bxf7 Kf8 46. f5 Ra6
47. f6 Ra8 48. g6 1-0

[Event "Graz op-B"]
[Site "Graz"]
[Date "2006.09.22"]
[Round "7.8"]
[White "Stolterfoht, Daniel"]
[Black "Grosse, Manfred"]
[Result "1-0"]
[WhiteElo "1859"]
[BlackElo "1939"]
[PlyCount "79"]
[EventDate "2006.09.16"]

1. Nf3 d5 2. g3 Bg4 3. Bg2 c6 4. O-O Nd7 5. d3 Ngf6 6. Nbd2 e5 7. e4 dxe4 8.
dxe4 Be7 9. h3 Bxf3 10. Qxf3 O-O 11. a4 Qc7 12. Nc4 b5 13. axb5 cxb5 14. Ne3
Nb6 15. Qe2 a6 16. Bd2 Bc5 17. Rfc1 Bxe3 18. Bxe3 Nc4 19. b3 Nxe3 20. Qxe3 Rfc8
21. c4 bxc4 22. Rxc4 Qb7 23. Rac1 Rxc4 24. Rxc4 g6 25. f4 Qe7 26. Qc3 Qa7+ 27.
Kh2 Rd8 28. Rc8 Rxc8 29. Qxc8+ Kg7 30. fxe5 Nd7 31. Qe8 Nc5 32. b4 Nd3 33. e6
fxe6 34. Qxe6 Nxb4 35. e5 Qf7 36. Qd6 Qf8 37. Qd7+ Kh6 38. e6 Qf5 39. Qd2+ Kg7
40. e7 1-0

[Event "Graz op-B"]
[Site "Graz"]
[Date "2006.09.22"]
[Round "7.9"]
[White "Kunschek, Horst"]
[Black "Knoll, Martin"]
[Result "0-1"]
[WhiteElo "1845"]
[BlackElo "1991"]
[PlyCount "48"]
[EventDate "2006.09.16"]

1. e4 c6 2. Nf3 d6 3. d4 g6 4. c4 Bg7 5. Nc3 Bg4 6. Be2 Qc7 7. h3 Bxf3 8. Bxf3
Nd7 9. Bf4 e5 10. Be3 Ne7 11. O-O O-O 12. Rc1 f5 13. dxe5 dxe5 14. exf5 gxf5
15. Qb3 Ng6 16. Na4 e4 17. Be2 f4 18. Bd2 Nge5 19. Bc3 f3 20. Bd1 fxg2 21. Kxg2
Nf3 22. Rh1 Qf4 23. c5+ Rf7 24. Bxg7 Nh4+ 0-1

[Event "Graz op-B"]
[Site "Graz"]
[Date "2006.09.22"]
[Round "7.10"]
[White "Lach, Willibald"]
[Black "Muhr, Andreas"]
[Result "1-0"]
[WhiteElo "1959"]
[BlackElo "1635"]
[PlyCount "119"]
[EventDate "2006.09.16"]

1. e4 b6 2. d4 Bb7 3. Bd3 e6 4. Nf3 Nf6 5. e5 Ne4 6. O-O c5 7. c3 h6 8. Be3 Na6
9. Qa4 Nc7 10. Qc2 Ng5 11. Ne1 Nd5 12. h4 cxd4 13. Bxd4 Nf4 14. hxg5 hxg5 15.
f3 g4 16. Qd2 Rh1+ 17. Kf2 Qh4+ 18. Ke3 gxf3 19. Nxf3 Bxf3 20. Rxh1 Nd5+ 21.
Kxf3 Qxh1 22. Qe2 Be7 23. Qf1 Qh2 24. Nd2 Bg5 25. Ne4 Qf4+ 26. Ke2 Qg4+ 27. Qf3
Nf4+ 28. Kf1 Qxf3+ 29. gxf3 Nxd3 30. Nxg5 Nxb2 31. Ke2 Rc8 32. Ne4 Kf8 33. Rb1
Nc4 34. Rb4 a5 35. Rb1 Rc6 36. Kd3 d5 37. exd6 e5 38. Bg1 f5 39. Ng5 Nxd6 40.
Rxb6 Rxb6 41. Bxb6 Nb7 42. Bc7 e4+ 43. fxe4 fxe4+ 44. Nxe4 Ke7 45. Kc4 Kd7 46.
Be5 g6 47. Nc5+ Kc6 48. Nxb7 Kxb7 49. Kb5 a4 50. c4 g5 51. c5 a3 52. c6+ Kc8
53. Bd6 g4 54. Bxa3 Kc7 55. Bc5 g3 56. a4 g2 57. a5 Kb8 58. a6 Ka8 59. c7 g1=Q
60. c8=Q# 1-0

[Event "Graz op-B"]
[Site "Graz"]
[Date "2006.09.23"]
[Round "8.1"]
[White "Dimitrijevic, Dragan"]
[Black "Stanka, Wolfgang"]
[Result "1-0"]
[WhiteElo "1962"]
[BlackElo "1903"]
[PlyCount "105"]
[EventDate "2006.09.16"]

1. Nf3 d5 2. c4 c6 3. d4 Nf6 4. Nc3 dxc4 5. a4 Bf5 6. Ne5 e6 7. f3 Bb4 8. e4
Bxe4 9. fxe4 Nxe4 10. Bd2 Qxd4 11. Nxe4 Qxe4+ 12. Qe2 Bxd2+ 13. Kxd2 Qd5+ 14.
Kc3 Na6 15. Nxc4 Qc5 16. Qe3 Qb4+ 17. Kc2 O-O 18. Be2 Nc7 19. Qa3 Qxa3 20. Rxa3
Nd5 21. Rb3 b6 22. Ne3 Nxe3+ 23. Rxe3 Rad8 24. Bf3 c5 25. Rd1 Rxd1 26. Bxd1 Rd8
27. Rd3 Rxd3 28. Kxd3 Kf8 29. Kc4 Ke7 30. Kb5 Kd6 31. Ka6 c4 32. Kxa7 Kc5 33.
Ka6 f5 34. Be2 g5 35. Kb7 g4 36. Kc7 h5 37. Kd7 Kd5 38. Kc7 Kc5 39. Kd7 Kd5 40.
Ke7 f4 41. Kf6 Kd4 42. Kxe6 Ke3 43. Bxc4 h4 44. Bd5 f3 45. gxf3 gxf3 46. Kf5 f2
47. Bg2 Kd4 48. Bf1 Kc5 49. Kg4 Kb4 50. Kxh4 Kxa4 51. Kg3 Kb3 52. h4 Kxb2 53.
h5 1-0

[Event "Graz op-B"]
[Site "Graz"]
[Date "2006.09.23"]
[Round "8.2"]
[White "Bilalli, Arsim"]
[Black "Pojer, Hannes"]
[Result "0-1"]
[WhiteElo "1897"]
[BlackElo "1977"]
[PlyCount "91"]
[EventDate "2006.09.16"]

1. d4 d5 2. c4 c6 3. e3 Nf6 4. Nc3 e6 5. Nf3 Nbd7 6. Bd3 dxc4 7. Bxc4 b5 8. Bd3
Bb7 9. O-O a6 10. e4 c5 11. d5 c4 12. Bc2 Nc5 13. Bg5 Be7 14. Bxf6 gxf6 15. Qe2
Qa5 16. dxe6 fxe6 17. Rad1 b4 18. Nb1 Qxa2 19. Nh4 h5 20. Ng6 Kf7 21. Nxh8+
Rxh8 22. Nd2 Qxb2 23. Qxc4 a5 24. f4 Ba6 25. Rb1 Bxc4 26. Rxb2 Bxf1 27. Kxf1
Rb8 28. Nb3 a4 29. Nxc5 a3 30. Na6 Rb6 31. Rb1 Rxa6 32. Bb3 Bc5 33. f5 Bd4 34.
fxe6+ Ke8 35. Ba2 Bb2 36. Ke2 Rc6 37. Rd1 Rc3 38. Rd5 b3 39. Bxb3 Rxb3 40. Ra5
Be5 41. h4 Rb2+ 42. Kf3 a2 43. Ra3 Rb3+ 44. Rxb3 a1=Q 45. Rd3 Qf1+ 46. Ke3 0-1

[Event "Graz op-B"]
[Site "Graz"]
[Date "2006.09.23"]
[Round "8.3"]
[White "Kratschmer, Heinz"]
[Black "Molnar, Attila"]
[Result "1-0"]
[WhiteElo "1993"]
[BlackElo "1917"]
[PlyCount "91"]
[EventDate "2006.09.16"]

1. d4 Nf6 2. Nf3 g6 3. Nc3 d5 4. Bf4 Bg7 5. e3 Bg4 6. Be2 c6 7. Ne5 Bxe2 8.
Qxe2 Nfd7 9. Nd3 Na6 10. f3 Qa5 11. O-O O-O 12. Qf2 f6 13. e4 e5 14. Bd2 dxe4
15. Nxe4 Qc7 16. dxe5 Nxe5 17. Nxe5 Qxe5 18. Bc3 Qc7 19. Rad1 c5 20. Rd5 b6 21.
Rfd1 Rad8 22. Qd2 Rxd5 23. Qxd5+ Qf7 24. Qxf7+ Rxf7 25. Rd8+ Rf8 26. Rd7 Rf7
27. Rd8+ Rf8 28. Nxf6+ Bxf6 29. Rxf8+ Kxf8 30. Bxf6 Nb4 31. c3 Nxa2 32. Bg5 Kf7
33. Kf1 Ke6 34. Ke2 b5 35. Kd3 b4 36. Kc4 a5 37. Kb3 Nxc3 38. bxc3 Kd5 39. cxb4
c4+ 40. Kc3 a4 41. Be3 a3 42. b5 a2 43. Kb2 c3+ 44. Kxa2 Kc4 45. b6 Kd3 46. Bf4
1-0

[Event "Graz op-B"]
[Site "Graz"]
[Date "2006.09.23"]
[Round "8.4"]
[White "Gsaxner, Daniel"]
[Black "Pucher, Michael"]
[Result "1/2-1/2"]
[WhiteElo "1816"]
[BlackElo "1895"]
[PlyCount "135"]
[EventDate "2006.09.16"]

1. e4 e6 2. d4 d5 3. exd5 exd5 4. Bd3 Bd6 5. Be3 Nf6 6. Nd2 Bg4 7. Ne2 Nbd7 8.
f3 Bh5 9. O-O Bg6 10. Nb3 O-O 11. Bg5 c6 12. Bh4 Qc7 13. Bg3 Rae8 14. Re1 Re7
15. Bxg6 hxg6 16. Qd2 Rfe8 17. Bxd6 Qxd6 18. Ng3 Kf8 19. Rxe7 Rxe7 20. Re1 b6
21. Rxe7 Qxe7 22. Kf2 Ne8 23. Nc1 Nd6 24. b3 Nb5 25. Nce2 Nc7 26. a4 a5 27. Nc3
Ne6 28. Nge2 Qh4+ 29. Kg1 Nf6 30. g3 Qg5 31. Qd3 Ne8 32. Kf2 Qf6 33. Nd1 Nd6
34. Ne3 Nc7 35. Ng4 Qe6 36. Nf4 Qe8 37. Ne5 Nf5 38. g4 Ne7 39. Kg3 g5 40. Nh5
Kg8 41. f4 Ng6 42. Kf3 Nxf4 43. Nxf4 gxf4 44. Kxf4 f6 45. Nf3 Ne6+ 46. Kg3 Qb8+
47. Kf2 Qf4 48. Qg6 Kf8 49. Qf5 Qe4 50. Qxe4 dxe4 51. Ne1 Nxd4 52. Ke3 c5 53.
Kxe4 Ke7 54. Kd5 Kd7 55. Kc4 Kc6 56. c3 Ne2 57. Nf3 Nf4 58. h4 Ng6 59. g5 fxg5
60. hxg5 Ne7 61. Nh4 Nd5 62. Nf5 g6 63. Nh4 Nf4 64. Nf3 Ne6 65. Ne5+ Kb7 66.
Nxg6 Nxg5 67. Ne7 Ne4 68. Kd3 1/2-1/2

[Event "Graz op-B"]
[Site "Graz"]
[Date "2006.09.23"]
[Round "8.6"]
[White "Knoll, Martin"]
[Black "Gashi, Veli"]
[Result "1-0"]
[WhiteElo "1991"]
[BlackElo "1996"]
[PlyCount "81"]
[EventDate "2006.09.16"]

1. d4 c6 2. c4 g6 3. Nc3 Bg7 4. e4 d6 5. f4 Nd7 6. Nf3 Nh6 7. Be2 O-O 8. O-O f6
9. d5 Nb6 10. Nd4 cxd5 11. exd5 a6 12. a4 Bd7 13. a5 Nc8 14. Be3 Re8 15. Bf3
Rb8 16. Nce2 Kh8 17. Qd2 Rf8 18. h3 Qe8 19. Bf2 e5 20. dxe6 Bxe6 21. Nxe6 Qxe6
22. Bd5 Qd7 23. Nd4 Re8 24. Rfe1 Na7 25. Ne6 Nc6 26. Nxg7 Kxg7 27. Bf3 Ne7 28.
Rad1 Nef5 29. Rxe8 Rxe8 30. g4 Qa4 31. gxf5 Nxf5 32. Bxb7 Qxc4 33. Rc1 Qb5 34.
Bc6 Qe2 35. Qxe2 Rxe2 36. Rb1 Rc2 37. Bb7 Rc4 38. Bxa6 Rxf4 39. Bf1 Ne7 40. a6
Nc8 41. b4 1-0

[Event "Graz op-B"]
[Site "Graz"]
[Date "2006.09.23"]
[Round "8.7"]
[White "Thalmeier, Bernd"]
[Black "Lach, Willibald"]
[Result "1/2-1/2"]
[WhiteElo "1996"]
[BlackElo "1959"]
[PlyCount "31"]
[EventDate "2006.09.16"]

1. c4 e5 2. Nc3 Bb4 3. e3 Nf6 4. Nge2 Nc6 5. a3 Bf8 6. d4 exd4 7. exd4 d5 8. b3
Be7 9. g3 O-O 10. Bg2 dxc4 11. bxc4 Re8 12. O-O Bf5 13. Bf4 Bd6 14. Bg5 Be7 15.
Bf4 Bd6 16. Bg5 1/2-1/2

[Event "Graz op-B"]
[Site "Graz"]
[Date "2006.09.23"]
[Round "8.9"]
[White "Meixner, Helmut"]
[Black "Lukas, Wolfgang"]
[Result "0-1"]
[WhiteElo "1849"]
[BlackElo "1983"]
[PlyCount "66"]
[EventDate "2006.09.16"]

1. d4 Nf6 2. c4 c5 3. d5 b5 4. cxb5 a6 5. b6 d6 6. Nc3 Nbd7 7. e4 g6 8. Nf3 Bg7
9. Nd2 O-O 10. Be2 Nxb6 11. O-O e6 12. Nc4 exd5 13. exd5 Re8 14. Bg5 Nxc4 15.
Bxc4 Qb6 16. b3 Bf5 17. Rc1 Ne4 18. Nxe4 Rxe4 19. Re1 Rae8 20. Qd2 Bd4 21. Rxe4
Bxe4 22. Re1 f5 23. Kf1 Re5 24. Bf6 Bxg2+ 25. Kxg2 Rxe1 26. Qxe1 Bxf6 27. Qe6+
Kg7 28. a4 a5 29. Kf3 Qc7 30. Bd3 Be5 31. h3 Qd8 32. Bb5 Qh4 33. Be8 Qe4# 0-1

[Event "Graz op-B"]
[Site "Graz"]
[Date "2006.09.23"]
[Round "8.10"]
[White "Legenstein, Robert"]
[Black "Zuchart, Manfred"]
[Result "1/2-1/2"]
[WhiteElo "1966"]
[BlackElo "1922"]
[PlyCount "26"]
[EventDate "2006.09.16"]

1. e4 g6 2. d4 Bg7 3. Nc3 d6 4. f4 Nf6 5. Nf3 O-O 6. Bd3 Bg4 7. Be3 e5 8. dxe5
dxe5 9. h3 Bxf3 10. Qxf3 exf4 11. Bxf4 Nh5 12. Bd2 Qh4+ 13. Qf2 Qxf2+ 1/2-1/2

[Event "Graz op-B"]
[Site "Graz"]
[Date "2006.09.24"]
[Round "9.1"]
[White "Pojer, Hannes"]
[Black "Dimitrijevic, Dragan"]
[Result "1/2-1/2"]
[WhiteElo "1977"]
[BlackElo "1962"]
[PlyCount "156"]
[EventDate "2006.09.16"]

1. d4 Nf6 2. Bg5 Ne4 3. Bh4 d5 4. f3 Nd6 5. Nc3 Nc4 6. Qc1 Qd6 7. e3 Qb4 8.
Bxc4 Qxc4 9. Nge2 e6 10. O-O Bb4 11. Qd2 O-O 12. Qd3 Qxd3 13. cxd3 c6 14. a3
Bd6 15. b4 Bd7 16. Rfb1 Rc8 17. Bg3 Be7 18. Ra2 Be8 19. Rc2 Na6 20. Rbc1 Nc7
21. e4 Bg5 22. Bf4 Bxf4 23. Nxf4 Rd8 24. e5 a5 25. Rb2 axb4 26. Rxb4 b5 27. a4
Na6 28. Rb2 Nc7 29. axb5 Nxb5 30. Nfe2 Ra3 31. Kf2 Rda8 32. Ke3 Ra1 33. Rxa1
Rxa1 34. Ra2 Rxa2 35. Nxa2 Kf8 36. Kd2 Ke7 37. Kc2 f6 38. Nb4 Kd7 39. Na6 Kc8
40. Kd2 Kd8 41. Ke3 Bg6 42. g4 Bf7 43. h4 Kd7 44. f4 h5 45. f5 Ke7 46. fxe6
Bxe6 47. gxh5 Bf7 48. Nf4 Na3 49. Nb4 Be8 50. Kd2 Nb5 51. Nc2 Nc7 52. Ne3 Bd7
53. Neg2 Bg4 54. Ne3 Bd7 55. Ne2 Ke6 56. Nf4+ Ke7 57. Nc2 Ne6 58. Ke3 Be8 59.
Nb4 Nxf4 60. Kxf4 Ke6 61. Na6 fxe5+ 62. dxe5 Bxh5 63. Nc5+ Ke7 64. d4 Bd1 65.
Kg5 Bc2 66. Na6 Kd7 67. h5 Ke6 68. Nb4 Ba4 69. Kg6 c5 70. dxc5 Be8+ 71. Kxg7
Bxh5 72. Nd3 Be8 73. Kf8 Bb5 74. Nf4+ Kxe5 75. Nxd5 Kxd5 76. c6 Kd6 77. c7 Ba6
78. Ke8 Kxc7 1/2-1/2

[Event "Graz op-B"]
[Site "Graz"]
[Date "2006.09.24"]
[Round "9.2"]
[White "Stanka, Wolfgang"]
[Black "Stolterfoht, Daniel"]
[Result "1-0"]
[WhiteElo "1903"]
[BlackElo "1859"]
[PlyCount "77"]
[EventDate "2006.09.16"]

1. e4 Nf6 2. Nc3 d5 3. exd5 Nxd5 4. d4 Nc6 5. Nf3 Bg4 6. Bb5 e6 7. h3 Bxf3 8.
Qxf3 a6 9. Bxc6+ bxc6 10. O-O Qf6 11. Qxf6 gxf6 12. Ne2 c5 13. b3 cxd4 14. Nxd4
c5 15. Nf3 c4 16. bxc4 Nb6 17. Rb1 Nxc4 18. Rd1 Bc5 19. Rb3 O-O 20. Rc3 Rfc8
21. Nd4 Ne5 22. Rg3+ Kh8 23. Nb3 Bf8 24. c3 Rd8 25. Rxd8 Rxd8 26. Kf1 Nd3 27.
Bd2 Nc5 28. Ke2 Ne4 29. Rd3 Rxd3 30. Kxd3 Nxf2+ 31. Kd4 f5 32. c4 Ne4 33. c5
Kg7 34. Ba5 Kf6 35. c6 Nd6 36. Nc5 e5+ 37. Kd5 Nc8 38. Nd7+ Ke7 39. Bb4+ 1-0

[Event "Graz op-B"]
[Site "Graz"]
[Date "2006.09.24"]
[Round "9.3"]
[White "Knoll, Martin"]
[Black "Kratschmer, Heinz"]
[Result "1/2-1/2"]
[WhiteElo "1991"]
[BlackElo "1993"]
[PlyCount "83"]
[EventDate "2006.09.16"]

1. d4 Nf6 2. c4 g6 3. Nc3 d5 4. Nf3 Bg7 5. g3 c6 6. cxd5 cxd5 7. Bg2 O-O 8. O-O
Ne4 9. Qb3 Nxc3 10. bxc3 Nc6 11. Bf4 e6 12. Nd2 b6 13. e4 Na5 14. Qb5 Bb7 15.
Rfe1 Rc8 16. Qd3 Nc4 17. Nxc4 Rxc4 18. Qd2 dxe4 19. Bxe4 Bxe4 20. Rxe4 Qd5 21.
Re2 Rfc8 22. Rc1 Bxd4 23. Bh6 Rxc3 24. Rd1 e5 25. Qe1 f6 26. Red2 Kf7 27. Be3
R3c4 28. Qe2 Qe4 29. a4 a6 30. Qf1 g5 31. Qh3 Kg6 32. g4 Rxa4 33. Qh5+ Kg7 34.
Rd3 h6 35. h4 f5 36. gxf5 Qxh4 37. Qg6+ Kf8 38. Qf6+ Ke8 39. Qe6+ Kd8 40. Qd6+
Ke8 41. Qe6+ Kd8 42. Qd6+ 1/2-1/2

[Event "Graz op-B"]
[Site "Graz"]
[Date "2006.09.24"]
[Round "9.4"]
[White "Molnar, Attila"]
[Black "Gsaxner, Daniel"]
[Result "1-0"]
[WhiteElo "1917"]
[BlackElo "1816"]
[PlyCount "39"]
[EventDate "2006.09.16"]

1. e4 e5 2. Bc4 Nc6 3. Nf3 Bc5 4. c3 Nf6 5. d3 O-O 6. O-O d6 7. Bb3 Bg4 8. Nbd2
Qd7 9. Re1 h6 10. Nf1 Rae8 11. h3 Be6 12. Bc2 Bb6 13. d4 exd4 14. cxd4 Bc4 15.
Ne3 d5 16. e5 Nh7 17. Bf5 Qd8 18. Ng4 Ng5 19. Nxg5 hxg5 20. Nf6+ 1-0

[Event "Graz op-B"]
[Site "Graz"]
[Date "2006.09.24"]
[Round "9.5"]
[White "Pucher, Michael"]
[Black "Bilalli, Arsim"]
[Result "0-1"]
[WhiteElo "1895"]
[BlackElo "1897"]
[PlyCount "102"]
[EventDate "2006.09.16"]

1. f4 d5 2. Nf3 c5 3. e3 Nc6 4. Bb5 Bd7 5. b3 Nf6 6. Bb2 e6 7. O-O Be7 8. Bxc6
Bxc6 9. Ne5 O-O 10. Nxc6 bxc6 11. d3 Nd7 12. Nd2 Bf6 13. Bxf6 Nxf6 14. Qe2 Nd7
15. Nf3 f6 16. d4 Re8 17. e4 cxd4 18. Nxd4 Qb6 19. Qf2 dxe4 20. Rae1 f5 21. c3
Nf6 22. h3 Nd5 23. Rc1 g6 24. Kh2 Rad8 25. Qg3 c5 26. Nc2 Qa5 27. b4 cxb4 28.
Nxb4 Nxb4 29. cxb4 Qxb4 30. Rc7 Re7 31. Qh4 Rde8 32. Rfc1 Qd6 33. R7c6 Qd4 34.
Rc8 Qg7 35. R1c7 Kf8 36. Rxe7 Qxe7 37. Qxe7+ Kxe7 38. Rc7+ Kf6 39. Rxa7 h5 40.
Kg1 g5 41. g3 Rb8 42. Kf2 h4 43. fxg5+ Kxg5 44. gxh4+ Kf4 45. a4 Rb2+ 46. Ke1
Kf3 47. Rd7 e3 48. a5 Rh2 49. Kd1 Rh1+ 50. Kc2 e2 51. Rd3+ Ke4 0-1

[Event "Graz op-B"]
[Site "Graz"]
[Date "2006.09.24"]
[Round "9.7"]
[White "Lukas, Wolfgang"]
[Black "Grosse, Manfred"]
[Result "1-0"]
[WhiteElo "1983"]
[BlackElo "1939"]
[PlyCount "73"]
[EventDate "2006.09.16"]

1. e4 c5 2. Nf3 d6 3. d4 cxd4 4. Nxd4 Nf6 5. Nc3 Nc6 6. f3 g6 7. Be3 Bg7 8. Qd2
Bd7 9. O-O-O O-O 10. h4 h5 11. Be2 Rc8 12. g4 Ne5 13. Bh6 Nc4 14. Bxc4 Rxc4 15.
Bxg7 Kxg7 16. g5 Ne8 17. f4 Bg4 18. Qd3 Bxd1 19. Qxc4 Bg4 20. Nd5 e5 21. Nb5 a6
22. Nbc3 b5 23. Qc6 exf4 24. Nxf4 Qc8 25. Qxc8 Bxc8 26. Ncd5 Bg4 27. Ne3 Bf3
28. Re1 Bxe4 29. Ned5 Bxd5 30. Nxd5 f5 31. Re7+ Rf7 32. Rxe8 f4 33. Re7 Rxe7
34. Nxe7 Kf7 35. Nd5 f3 36. Kd2 Ke6 37. Nf4+ 1-0

[Event "Graz op-B"]
[Site "Graz"]
[Date "2006.09.24"]
[Round "9.8"]
[White "Bornet, Rene"]
[Black "Neubauer, Anton"]
[Result "1-0"]
[WhiteElo "1906"]
[BlackElo "1964"]
[PlyCount "69"]
[EventDate "2006.09.16"]

1. d4 d5 2. Bf4 Nf6 3. e3 c5 4. c3 Nc6 5. Nf3 Qb6 6. Qb3 c4 7. Qxb6 axb6 8.
Nbd2 Bf5 9. Be2 h6 10. h3 e6 11. O-O Be7 12. Ne5 Nxe5 13. Bxe5 O-O 14. Bxf6
Bxf6 15. e4 Bg6 16. e5 Be7 17. f4 f5 18. a3 b5 19. Kh2 Ra7 20. Rac1 b6 21. Rf2
Bh7 22. Rg1 Kh8 23. g3 b4 24. axb4 Ra2 25. Rb1 g5 26. Nxc4 gxf4 27. gxf4 Bh4
28. Rg2 Bg5 29. fxg5 hxg5 30. Nd6 f4 31. Rf1 Rxb2 32. Bh5 Rxg2+ 33. Kxg2 Be4+
34. Bf3 Bd3 35. Ra1 1-0